ARRUPE JESUIT UNIVERSITY

CORONAVIRUS -STOP THE SPREAD - CLEAN,DISINFECT,COVER

Foundations of Religious Education in Catholic schools (Record no. 120656)

MARC details
000 -LEADER
fixed length control field 00494nam a22001457a 4500
008 - FIXED-LENGTH DATA ELEMENTS--GENERAL INFORMATION
fixed length control field 140606b xxu||||| |||| 00| 0 eng d
020 ## - INTERNATIONAL STANDARD BOOK NUMBER
International Standard Book Number 1876033495
050 ## - LIBRARY OF CONGRESS CALL NUMBER
Classification number LC487.R989
100 ## - MAIN ENTRY--PERSONAL NAME
Personal name Ryan, Maurice
9 (RLIN) 10702
245 ## - TITLE STATEMENT
Title Foundations of Religious Education in Catholic schools
Remainder of title an Australian perspective
Statement of responsibility, etc Maurice Ryan
260 ## - PUBLICATION, DISTRIBUTION, ETC. (IMPRINT)
Place of publication, distribution, etc Australia
Name of publisher, distributor, etc Social Science Press
Date of publication, distribution, etc 1997
300 ## - PHYSICAL DESCRIPTION
Extent vi, 190p. ;
Dimensions 25cm.
650 ## - SUBJECT ADDED ENTRY--TOPICAL TERM
Topical term or geographic name as entry element Religious education
General subdivision Catholic Church
9 (RLIN) 10703
942 ## - ADDED ENTRY ELEMENTS (KOHA)
Source of classification or shelving scheme Library of Congress Classification
Item type Monograph ( Printed materials)
Holdings
Withdrawn status Lost status Source of classification or shelving scheme Damaged status Not for loan Collection code Home library Current library Shelving location Date acquired Total Checkouts Full call number Barcode Date last seen Date last borrowed Price effective from Koha item type
    Library of Congress Classification     Main Collection ARRUPE LIBRARY ARRUPE LIBRARY Main Collection 06/06/2014 1 LC487.R989 46500000614 05/11/2018 16/10/2018 06/06/2014 Monograph ( Printed materials)

 

Arrupe Library. PO Box MP320 Mt Pleasant, Harare, Zimbabwe
263 242 745411|librarian@aju.ac.zw